Thermodynamics (Record no. 8344)

000 -LEADER
fixed length control field 00603nam a2200217 i 4500
001 - CONTROL NUMBER
control field 8344
003 - CONTROL NUMBER IDENTIFIER
control field BD-DhUET
008 - FIXED-LENGTH DATA ELEMENTS--GENERAL INFORMATION
fixed length control field 770308s1978 nyua b 001 0 eng
020 ## - INTERNATIONAL STANDARD BOOK NUMBER
International Standard Book Number 0023355301
040 ## - CATALOGING SOURCE
Original cataloging agency DLC
Transcribing agency DLC
Modifying agency BD-DhUET
082 ## - DEWEY DECIMAL CLASSIFICATION NUMBER
Classification number 621.01
Item number FAI/1970
100 ## - MAIN ENTRY--PERSONAL NAME
Personal name Faires, Virgil Moring
245 10 - TITLE STATEMENT
Title Thermodynamics
Statement of responsibility, etc. by Virgil Moring Faires and Clifford Max Simmang
250 ## - EDITION STATEMENT
Edition statement 6th ed.
260 ## - PUBLICATION, DISTRIBUTION, ETC. (IMPRINT)
Place of publication, distribution, etc. New York
Name of publisher, distributor, etc. Macmillan
Date of publication, distribution, etc. 1970
300 ## - PHYSICAL DESCRIPTION
Extent xxiii, 647 p.
Other physical details ill.
Dimensions 26 cm.
504 ## - BIBLIOGRAPHY, ETC. NOTE
Bibliography, etc Includes bibliographies
650 #0 - SUBJECT ADDED ENTRY--TOPICAL TERM
Topical term or geographic name as entry element Thermodynamics
700 ## - ADDED ENTRY--PERSONAL NAME
Personal name Simmang, Clifford Max
942 ## - ADDED ENTRY ELEMENTS (KOHA)
Koha item type General Book
Holdings
Date acquired Koha item type Koha date last seen Withdrawn status Not for loan Damaged status Koha full call number Copy number Shelving location Price effective from Source of classification or shelving scheme Piece designation (barcode) Location (home branch) Koha normalized classification for sorting Sublocation or collection (holding branch) Lost status
2015-01-20General Book2015-01-20   621.01/FAI/19781Circulation section2015-01-20 42943Central Library, BUET621_010000000000000_FAI_1978Central Library, BUET 
1985-06-11Rental Item2024-12-11   621.01 FAI/1970৬/ক-১Rental section2024-12-11 63135Central Library, BUET621_010000000000000_FAI_1970Central Library, BUET 
1985-06-11Rental Item2024-12-11   621.01 FAI/1970৬/ক-২Rental section2024-12-11 63136Central Library, BUET621_010000000000000_FAI_1970Central Library, BUET 
1985-06-11Rental Item2024-12-11   621.01 FAI/1970৬/ক-৩Rental section2024-12-11 63137Central Library, BUET621_010000000000000_FAI_1970Central Library, BUET 
1985-06-11Rental Item2024-12-11   621.01 FAI/1970৬/ক-৪Rental section2024-12-11 63138Central Library, BUET621_010000000000000_FAI_1970Central Library, BUET 
1985-06-11Rental Item2024-12-11   621.01 FAI/1970৬/ক-৫Rental section2024-12-11 63139Central Library, BUET621_010000000000000_FAI_1970Central Library, BUET 
1985-06-11Rental Item2024-12-11   621.01 FAI/1970৬/ক-৬Rental section2024-12-11 63140Central Library, BUET621_010000000000000_FAI_1970Central Library, BUET 
1985-06-11Rental Item2024-12-11   621.01 FAI/1970৬/ক-৭Rental section2024-12-11 63141Central Library, BUET621_010000000000000_FAI_1970Central Library, BUET 
1985-06-11Rental Item2024-12-11   621.01 FAI/1970৬/ক-৮Rental section2024-12-11 63142Central Library, BUET621_010000000000000_FAI_1970Central Library, BUET 
1985-06-11Rental Item2024-12-11   621.01 FAI/1970৬/ক-৯Rental section2024-12-11 63143Central Library, BUET621_010000000000000_FAI_1970Central Library, BUET 
1985-06-11Rental Item2024-12-11   621.01 FAI/1970৬/ক-১০Rental section2024-12-11 63144Central Library, BUET621_010000000000000_FAI_1970Central Library, BUET 
1985-06-11Rental Item2024-12-11   621.01 FAI/1970৬/ক-১১Rental section2024-12-11 63145Central Library, BUET621_010000000000000_FAI_1970Central Library, BUET 
1985-06-11Rental Item2024-12-11   621.01 FAI/1970৬/ক-১২Rental section2024-12-11 63146Central Library, BUET621_010000000000000_FAI_1970Central Library, BUET 
1985-06-11Rental Item2024-12-11   621.01 FAI/1970৬/ক-১৩Rental section2024-12-11 63147Central Library, BUET621_010000000000000_FAI_1970Central Library, BUET 
1985-06-11Rental Item2024-12-11   621.01 FAI/1970৬/ক-১৪Rental section2024-12-11 63148Central Library, BUET621_010000000000000_FAI_1970Central Library, BUET 
1985-06-11Rental Item2024-12-11   621.01 FAI/1970৬/ক-১৫Rental section2024-12-11 63149Central Library, BUET621_010000000000000_FAI_1970Central Library, BUET 
1985-06-11Rental Item2024-12-11   621.01 FAI/1970৬/ক-১৬Rental section2024-12-11 63150Central Library, BUET621_010000000000000_FAI_1970Central Library, BUET 
1985-06-11Rental Item2024-12-11   621.01 FAI/1970৬/ক-১৭Rental section2024-12-11 63151Central Library, BUET621_010000000000000_FAI_1970Central Library, BUET 
1985-06-11Rental Item2024-12-11   621.01 FAI/1970৬/ক-১৮Rental section2024-12-11 63152Central Library, BUET621_010000000000000_FAI_1970Central Library, BUET 
1985-06-11Rental Item2024-12-11   621.01 FAI/1970৬/ক-১৯Rental section2024-12-11 63153Central Library, BUET621_010000000000000_FAI_1970Central Library, BUET 
1985-06-11Rental Item2024-12-11   621.01 FAI/1970৬/ক-২০Rental section2024-12-11 63154Central Library, BUET621_010000000000000_FAI_1970Central Library, BUET